TEXTBOOK OF SURVEYING (Record no. 8237)
[ view plain ]
| 000 -LEADER | |
|---|---|
| fixed length control field | 00672nam a22001577a 4500 |
| 003 - CONTROL NUMBER IDENTIFIER | |
| control field | SGT |
| 020 ## - INTERNATIONAL STANDARD BOOK NUMBER | |
| International Standard Book Number | 9788120349919 |
| 082 ## - DEWEY DECIMAL CLASSIFICATION NUMBER | |
| Classification number | 624.1517 |
| Item number | RAO |
| 100 ## - MAIN ENTRY--PERSONAL NAME | |
| Personal name | RAO,P. VENUGOPAL |
| 245 ## - TITLE STATEMENT | |
| Title | TEXTBOOK OF SURVEYING |
| 260 ## - PUBLICATION, DISTRIBUTION, ETC. (IMPRINT) | |
| Place of publication, distribution, etc | NEW DELHI |
| Name of publisher, distributor, etc | PHI |
| Year of Publication | 2015 |
| 300 ## - PAGE DESCRIPTION | |
| No. of Pages | 227 |
| 650 ## - SUBJECT ADDED ENTRY--TOPICAL TERM | |
| Topical term or geographic name as entry element | CIVIL ENGINEERING |
| 653 ## - KEYWORDS--INDEX TERM | |
| Keyword term | SURVEYING, CHAIN SURVEYING, COMPASS SURVEYING, PLANE TABLE SURVEYING, AREAS AND VOLUMES, MINOR INSTRUMENTS, LEVELING AND CONTOURING, THEODOLITE SURVEYING, TRAVERSE COMPUTATIONS, TACHOMETER, TRIGONOMETRICAL LEVELING, CURVE RANGING, HYDRO GRAPHIC SURVEYING, MINOR TRIANGULATION, PHOTOGRAPHER, REMOTE SENSING AND GIS, ASTRONOMICAL SURVEY |
| 942 ## - ADDED ENTRY ELEMENTS (KOHA) | |
| Source of classification or shelving scheme | Dewey Decimal Classification |
| Koha item type | Books |
| Withdrawn status | Lost status | Source of classification or shelving scheme | Damaged status | Not for loan | Home library | Current library | Shelving location | Date acquired | Vendor Name | Cost, normal purchase price | SGTU | Total Checkouts | Full call number | Accession No. (Barcode) | Date last seen | Bill Date | Koha item type |
|---|---|---|---|---|---|---|---|---|---|---|---|---|---|---|---|---|---|
| Dewey Decimal Classification | SGT Engineering Library | SGT Engineering Library | Reference Book | 14/01/2016 | GIFTED | 275.00 | SGTU | 624.1517 RAO | FE6507 | 14/01/2016 | 14/01/2016 | Books |